000 00722nam a2200253 4500
001 25398
003 BD-RjUL
005 20211209050855.0
008 140318s1967 enka b 001 0 eng
035 _a(BD-RjUL)25468
040 _aDLC
_cDLC
_dDLC
_dBD-RjUL
_beng
041 _aeng
082 0 0 _a942.082
_bGIB 1967
100 1 _aGilbert, Bentley B.,
_d1924-
_978096
245 1 0 _aBritain since 1918 /
_cBentley B. Gilbert.
260 _aLondon :
_bBatsford,
_cc1967.
300 _a206 p. :
_bill., diagrs. ;
_c22 1/2 cm.
350 _a25/-
504 _aBibliography: p. 197-198. and index.
651 0 _aGreat Britain
_xHistory
_y20th century.
_917470
942 _2ddc
_cBK
999 _c25398
_d25398